| 000 | 00406nam a22001697a 4500 | ||
|---|---|---|---|
| 005 | 20260502154711.0 | ||
| 008 | 160615b xxu||||| |||| 00| 0 eng d | ||
| 020 | _a81-7036-926-6 | ||
| 041 | _aeng | ||
| 082 | _a658.4056 | ||
| 100 |
_aRamu, Shiva _91977 |
||
| 245 | _aCorporate Crisis Management | ||
| 260 |
_aNew Delhi _bResponse Books, _c2000 |
||
| 300 | _a245;p | ||
| 650 | _aManagement | ||
| 942 | _cBK | ||
| 999 |
_c2769 _d2768 |
||